|
|
|
|
| LEADER |
01398cam a2200289 a 4500 |
| 001 |
c000230399 |
| 003 |
CARM |
| 005 |
20070301132729.0 |
| 008 |
920827m19571964enka 001 0 eng d |
| 019 |
1 |
|
|a 9219877
|z 42729976
|5 LACONCORD2021
|
| 035 |
|
|
|a (OCoLC)154105523
|5 LACONCORD2021
|
| 040 |
|
|
|a VU
|b eng
|c VU
|d VU
|d VCAV
|
| 100 |
1 |
|
|a Blackburn, Rowland George.
|
| 245 |
1 |
0 |
|a Sheet metal work /
|c by R.G. Blackburn and J. Cassidy.
|
| 260 |
|
|
|a London :
|b Edward Arnold,
|c 1957-1964.
|
| 300 |
|
|
|a 3 v. :
|b ill. ;
|c 29 cm.
|
| 500 |
|
|
|a Includes index.
|
| 505 |
0 |
0 |
|a Contents: Pt. 1. Geometry and pattern development for the intermediate examination of the City and Guilds of London Institute. -- pt. 2. Calculations and science. -- pt. 3. Advanced calculations.
|
| 650 |
|
0 |
|a Sheet-metal work.
|
| 700 |
1 |
|
|a Cassidy, J.
|
| 852 |
8 |
|
|b CARM
|h A1:AP02E0
|i F01506
|p 0352357
|f BK
|
| 852 |
8 |
|
|b CARM
|h A1:AN35C0
|i B09005
|p 0391637
|f BK
|
| 852 |
8 |
|
|b CARM
|h A1:AN35C0
|i B09005
|p 0391629
|f BK
|
| 999 |
f |
f |
|i 86282703-a6f3-5323-a1d2-3f36422dbbc5
|s b27500b0-7b81-5cfa-81df-6c7cc0757043
|
| 952 |
f |
f |
|p Can circulate
|a CAVAL
|b CAVAL
|c CAVAL
|d CARM 1 Store
|e F01506
|f A1:AP02E0
|h Other scheme
|i book
|j v.1
|m 0352357
|
| 952 |
f |
f |
|p Can circulate
|a CAVAL
|b CAVAL
|c CAVAL
|d CARM 1 Store
|e B09005
|f A1:AN35C0
|h Other scheme
|i book
|j v.2
|m 0391637
|
| 952 |
f |
f |
|p Can circulate
|a CAVAL
|b CAVAL
|c CAVAL
|d CARM 1 Store
|e B09005
|f A1:AN35C0
|h Other scheme
|i book
|j v.3
|m 0391629
|